000 00680nam a2200229 a 4500
001 BRCA_6755
005 20190320205558.0
008 241011s1945----mx-#######---#000-0#spa-#
041 _aspa
044 _amx
050 4 _aPQ7297
_b.R46 M37
_c1945
245 1 0 _aMartin Garatuza
_cVicente Riva Palacio; editor y prólogo de Antonio Castro Leal.
260 _aMéxico
_bPorrúa
_c1945
300 _a2 v.
_c20 cm.
440 0 _aEscritores mexicanos
_v20-21
_916865
500 _aI121
650 1 4 _aLiteratura mexicana
_910506
651 4 _aMéxico
_xHistoria
_yPeriodo colonial, 1540-1910
_916866
700 1 _aCastro Leal, Antonio
_eEditor
_916867
902 _aGFM
942 _2lcc
_cB
999 _c6438
_d6438